Statistics for Orson Welles Trivia Quiz

Click here to take the quiz!

General Stats

  • This quiz has been taken 22 times
  • The average score is 9 of 13

Answer Stats

QuestionAnswer% Correct
What was the name of the protagonist in Citizen Kane?Charles Foster Kane
88%
What was the name of the theatre company he co-founded with John Houseman?The Mercury Theatre
88%
Where was he born?Kenosha, Wisconsin, USA
82%
When was Orson Welles born?May 6, 1915
82%
Which category did Welles win his only competitive oscar in?Best Original Screenplay
76%
On which special day in 1938, was his famous War of the Worlds radio show originally broadcast?On Halloween
71%
How many feature films did Welles complete during his lifetime?13
59%
He lobbied hard to get this part (but ultimately didn’t get it)Don Corleone in the Godfather
59%
What was his first name?George
59%
Which of these Shakespeare characters did he not play on film?Henry V
59%
At what age did he appear on the cover of Time Magazine?23
53%
He did famous commercials for this wine companyPaul masson
47%
How many stars does Welles have on the hollywood walk of fame?2
35%

Score Distribution

Percentile by Number Answered

Percent of People with Each Score

Your Score History

You have not taken this quiz